Sports Quiz

Random Sports or Baseball Quiz
Score 0/30 Timer 05:00
0 Plays Today
Question Answer Wrong Answers
St. Louis Cardinals St. Louis Cardinals
92.7%
Baltimore Orioles
0.7%
Philadelphia Phillies
0.4%
Toronto Blue Jays
0.5%
Oakland Athletics Oakland Athletics
92.7%
Houston Astros
0.6%
San Diego Padres
0.4%
Texas Rangers
0.5%
Pittsburgh Pirates Pittsburgh Pirates
92.6%
Kansas City Royals
0.4%
Philadelphia Phillies
0.7%
Colorado Rockies
0.4%
Baltimore Orioles Baltimore Orioles
92.3%
Philadelphia Phillies
0.4%
St. Louis Cardinals
0.9%
Toronto Blue Jays
0.6%
Chicago Cubs Chicago Cubs
92.3%
Cincinnati Reds
0.9%
Minnesota Twins
0.7%
San Diego Padres
0.3%
Chicago White Sox Chicago White Sox
92.2%
Boston White Sox
1%
Kansas City Royals
0.5%
New York Mets
0.4%
Cincinnati Reds Cincinnati Reds
92.1%
Boston Red Sox
0.8%
Los Angeles Angels of Anaheim
0.4%
New York Yankees
0.8%
Detroit Tigers Detroit Tigers
92%
Colorado Rockies
0.9%
New York Mets
0.6%
San Diego Padres
1%
New York Mets New York Mets
92%
Los Angeles Dodgers
0.8%
New York Yankees
1.1%
Pittsburgh Pirates
0.3%
Boston Red Sox Boston Red Sox
91.8%
Chicago White Sox
0.8%
Cincinnati Reds
0.8%
St. Louis Cardinals
0.8%
Kansas City Royals Kansas City Royals
91.7%
Baltimore Orioles
0.5%
Los Angeles Dodgers
1.8%
San Francisco Giants
0.3%
San Francisco Giants San Francisco Giants
91.7%
Atlanta Braves
0.5%
Los Angeles Dodgers
0.5%
San Diego Padres
1.5%
Miami Marlins Miami Marlins
91.4%
Arizona Diamondbacks
0.5%
New York Mets
1%
Tampa Bay Rays
1.4%
Houston Astros Houston Astros
91.4%
Chicago Cubs
0.5%
Minnesota Twins
1.2%
Seattle Mariners
1%
Texas Rangers Texas Rangers
91.2%
Chicago Cubs
1.3%
Milwaukee Brewers
0.4%
Seattle Mariners
1.1%
Cleveland Indians Cleveland Indians
91.2%
Arizona Diamondbacks
0.9%
Milwaukee Brewers
1%
Philadelphia Phillies
1.3%
Milwaukee Brewers Milwaukee Brewers
91.2%
Chicago White Sox
0.6%
Colorado Rockies
0.7%
Oakland Athletics
1.8%
Colorado Rockies Colorado Rockies
91.1%
Cleveland Indians
1.5%
New York Mets
0.5%
Philadelphia Phillies
1.1%
San Diego Padres San Diego Padres
90.7%
Chicago Cubs
0.5%
Houston Astros
1.4%
Seattle Mariners
1.7%
New York Yankees New York Yankees
90.6%
Atlanta Braves
0.8%
New York Mets
1.3%
Tampa Bay Rays
1.8%
Los Angeles Angels of Anaheim Los Angeles Angels of Anaheim
90.4%
Arizona Diamondbacks
2.8%
Atlanta Braves
0.6%
Cleveland Indians
0.5%
Arizona Diamondbacks Arizona Diamondbacks
90.4%
Boston Red Sox
0.4%
Cleveland Indians
0.3%
Los Angeles Angels of Anaheim
3%
Toronto Blue Jays Toronto Blue Jays
90.3%
Chicago White Sox
0.6%
Los Angeles Dodgers
0.9%
Tampa Bay Rays
2.5%
Washington Nationals Washington Nationals
90.2%
Baltimore Orioles
0.9%
Los Angeles Angels of Anaheim
0.9%
New York Yankees
2.1%
Tampa Bay Rays Tampa Bay Rays
89.4%
Detroit Tigers
1%
Miami Marlins
2.9%
Texas Rangers
0.9%
Seattle Mariners Seattle Mariners
89.3%
Miami Marlins
3.8%
Pittsburgh Pirates
0.3%
Washington Nationals
0.7%
Los Angeles Dodgers Los Angeles Dodgers
89.3%
Detroit Tigers
3.9%
Los Angeles Angels of Anaheim
0.6%
Washington Nationals
0.6%
Atlanta Braves Atlanta Braves
88.1%
Cincinnati Reds
0.6%
Los Angeles Angels of Anaheim
4.3%
Washington Nationals
1.4%
Minnesota Twins Minnesota Twins
87.4%
Houston Astros
0.9%
Texas Rangers
5.2%
Toronto Blue Jays
0.9%
Philadelphia Phillies Philadelphia Phillies
86.7%
Cleveland Indians
1%
Pittsburgh Pirates
3.2%
Texas Rangers
3.5%
Remove Ads.
Support Sporcle.
Get the best of Sporcle when you Go Orange. This ad-free experience offers more features, more stats, and more fun while also helping to support Sporcle. Thank you for becoming a member.

You're not logged in!

Compare scores with friends on all Sporcle quizzes.
OR
Log In

Show Comments

Extras

Top Quizzes Today


Score Distribution

Your Account Isn't Verified!

In order to create a playlist on Sporcle, you need to verify the email address you used during registration. Go to your Sporcle Settings to finish the process.

Report this User

Report this user for behavior that violates our Community Guidelines.

Details: